00185nam a2200073Ia 4500008004100000050001800041100002400059245002800083230915s9999 xx 000 0 und d aPG3326 .B7A97 aDOSTOEVSKY ,FYODOR  4aTHE KARAMAZOV BROTHERS